| 000 | 00783nam a2200253Ia 4500 | ||
|---|---|---|---|
| 001 | Para_6122 | ||
| 003 | CHAP | ||
| 008 | 220125s1999 xx 000 0 und d | ||
| 010 | _a204902 | ||
| 040 | _cCHAP | ||
| 090 | _aPA FOLLETO 251 | ||
| 110 |
_aMéxico. Gobierno de Tamaulipas. Programa de Fertilidad Estatal _9170841 |
||
| 245 |
_aLa revolución verde... en marcha : _b avance de los estudios de fertilización en Tamaulipas : _b Zona sur / _c por Gobierno de Tamaulipas |
||
| 260 |
_aCd. Victoria, Tamp. : _b PFE |
||
| 300 | _a11 p. | ||
| 650 |
_aSuelos _x fertilidad _9110367 |
||
| 901 | _aPA FOLLETO 251 | ||
| 902 | _aA | ||
| 905 | _a00000019-- a 0000000000 00 | ||
| 910 | _a19-- | ||
| 942 | _cPARA | ||
| 942 |
_cPARA _d1 |
||
| 999 |
_c204902 _d204902 |
||